=LDR 00000nam 2200000 4500 =001 INLIS000000000016606 =005 20130612111858 =008 ***********************************Ind** =035 ##$$0010-061300000016606 =041 ##$$a Ind =082 ##$$a F Rom D =090 ##$$a F Rom D, Sha r =100 ##$$a Shakespears, William =245 ##$$a Romeo juliet, William Shahespeare =260 ##$$a 2003 $b Yogyakarta =300 ##$$a xiii, 201 hlm, 20 cm =650 ##$$a Fiksi Dewasa =850 ##$$a NBPNMAT =990 ##$$a 0001/BPAP-NTB/20142015